000 00388nam a2200157Ia 4500
003 OSt
005 20230601105837.0
008 211028s2013 xx 000 0 und d
040 _cAIMIT LIBRARY
041 _aeng
100 _aD'Souza, Plammy; Ruban, S.
_98442
_e111919
110 _aRuban S
_98443
245 _aServer request portal.
260 _aMangalore
_c2013
942 _2ddc
_cPRO
999 _c219890
_d219890